[Event "Berlin Lichtenberger op 13th"]
[Site "Berlin"]
[Date "2014.08.24"]
[Round "9"]
[White "Plump, Detlef"]
[Black "Issel, Oliver"]
[Result "1-0"]
[WhiteElo "2228"]
[BlackElo "2071"]
[PlyCount "55"]
[EventDate "2014.08.16"]
[EventType "swiss"]
[EventRounds "9"]
[EventCountry "GER"]
[SourceTitle "CBM 161 Extra"]
[Source "ChessBase"]
[SourceDate "2014.08.29"]
[SourceVersion "1"]
[SourceVersionDate "2014.08.29"]
[SourceQuality "1"]

1. e4 g6 2. d4 Bg7 3. Nc3 d6 4. f4 e6 5. Nf3 Ne7 6. Be3 h6 7. Bd3 a6 8. a4 b6 9. 0-0 Nd7 10. e5 Bb7 11. Ne4 Bxe4 12. Bxe4 d5 13. Bd3 c5 14. c3 c4 15. Bc2 b5 16. g4 Rb8 17. axb5 axb5 18. Bf2 Nc6 19. f5 gxf5 20. gxf5 exf5 21. Bxf5 0-0 22. Kh1 Ne7 23. Bh4 Qe8 24. Bxe7 Qxe7 25. Ra7 Rfd8 26. Qe2 Qe8 27. e6 fxe6 28. Qxe6+ 1-0

[Event "Berlin Lichtenberger op 13th"]
[Site "Berlin"]
[Date "2014.08.20"]
[Round "5"]
[White "Plump, Detlef"]
[Black "Kornrumpf, Joachim"]
[Result "1-0"]
[WhiteElo "2228"]
[BlackElo "2061"]
[PlyCount "81"]
[EventDate "2014.08.16"]
[EventType "swiss"]
[EventRounds "9"]
[EventCountry "GER"]
[SourceTitle "CBM 161 Extra"]
[Source "ChessBase"]
[SourceDate "2014.08.29"]
[SourceVersion "1"]
[SourceVersionDate "2014.08.29"]
[SourceQuality "1"]

1. e4 c5 2. Nf3 e6 3. d4 cxd4 4. Nxd4 a6 5. Bd3 Nc6 6. Nxc6 dxc6 7. 0-0 e5 8. f4 Bd6 9. f5 Nf6 10. Be3 Qe7 11. Kh1 Bd7 12. Nd2 c5 13. a4 Bc6 14. Qf3 Rc8 15. a5 Bc7 16. Bg5 h6 17. Bh4 0-0 18. Nc4 Bd8 19. Rfd1 Qc7 20. Nb6 Rb8 21. Bg3 Nd7 22. Nc4 Bf6 23. Ne3 Rfe8 24. Bc4 Rbd8 25. Bd5 Bb5 26. Qh5 Rf8 27. Ng4 Bg5 28. h4 Nf6 29. Nxf6+ Bxf6 30. c4 Bc6 31. Ra3 Rd7 32. Bf2 Bxd5 33. cxd5 Rc8 34. g4 Qd8 35. Rg1 Be7 36. g5 hxg5 37. hxg5 Bd6 38. Rh3 Kf8 39. f6 gxf6 40. Qh8+ Ke7 41. gxf6# 1-0

[Event "Berlin Lichtenberger op 13th"]
[Site "Berlin"]
[Date "2014.08.17"]
[Round "2"]
[White "Luebke, Thomas"]
[Black "Plump, Detlef"]
[Result "1/2-1/2"]
[WhiteElo "1936"]
[BlackElo "2228"]
[PlyCount "38"]
[EventDate "2014.08.16"]
[EventType "swiss"]
[EventRounds "9"]
[EventCountry "GER"]
[SourceTitle "CBM 161 Extra"]
[Source "ChessBase"]
[SourceDate "2014.08.29"]
[SourceVersion "1"]
[SourceVersionDate "2014.08.29"]
[SourceQuality "1"]

1. Nf3 c5 2. g3 b5 3. Bg2 Bb7 4. d3 d5 5. 0-0 Nf6 6. Ne5 Nbd7 7. Bf4 e6 8. c4 Nxe5 9. Bxe5 Nd7 10. Bf4 b4 11. d4 cxd4 12. Qxd4 Qb6 13. Qxb6 Nxb6 14. cxd5 Nxd5 15. a3 a5 16. Nd2 Ra7 17. Bb8 Ra8 18. Bf4 Ra7 19. Bb8 Ra8 1/2-1/2

[Event "Hamburg St Pauli op-A"]
[Site "Hamburg"]
[Date "2013.07.13"]
[Round "8"]
[White "Plump, Detlef"]
[Black "Gupta, Arijit"]
[Result "1/2-1/2"]
[WhiteElo "2230"]
[BlackElo "2090"]
[PlyCount "80"]
[EventDate "2013.07.06"]
[EventType "swiss"]
[EventRounds "9"]
[EventCountry "GER"]
[SourceTitle "CBM 155 Extra"]
[Source "ChessBase"]
[SourceDate "2013.08.26"]
[SourceVersion "1"]
[SourceVersionDate "2013.08.26"]
[SourceQuality "1"]

1. e4 c5 2. Nf3 d6 3. d4 cxd4 4. Nxd4 Nf6 5. Nc3 g6 6. Bc4 Bg7 7. h3 0-0 8. Bb3 Nc6 9. Be3 Bd7 10. 0-0 Nxd4 11. Bxd4 Bc6 12. Qd3 b5 13. Rfe1 Qd7 14. Nd5 Nxd5 15. exd5 Bb7 16. Bxg7 Kxg7 17. Qd4+ Kg8 18. Re4 a5 19. a3 Rac8 20. Rae1 Rfe8 21. c3 Rc5 22. Ba2 Qc7 23. Rh4 f6 24. Rf4 Kf7 25. Re6 Qd7 26. g4 Bxd5 27. Bxd5 Rxd5 28. Rexf6+ exf6 29. Qxd5+ Kg7 30. Rd4 Re2 31. b4 axb4 32. axb4 Qc7 33. Rd3 Rc2 34. Qxd6 Rxc3 35. Qd7+ Qxd7 36. Rxd7+ Kh6 37. Rd5 Rxh3 38. Rxb5 Rb3 39. Kg2 f5 40. gxf5 gxf5 1/2-1/2

[Event "Hamburg St Pauli op-A"]
[Site "Hamburg"]
[Date "2013.07.12"]
[Round "7"]
[White "Hinrichs, Lars"]
[Black "Plump, Detlef"]
[Result "1/2-1/2"]
[WhiteElo "1997"]
[BlackElo "2230"]
[PlyCount "46"]
[EventDate "2013.07.06"]
[EventType "swiss"]
[EventRounds "9"]
[EventCountry "GER"]
[SourceTitle "CBM 155 Extra"]
[Source "ChessBase"]
[SourceDate "2013.08.26"]
[SourceVersion "1"]
[SourceVersionDate "2013.08.26"]
[SourceQuality "1"]

1. e4 c5 2. Nf3 e6 3. g3 Nc6 4. Bg2 Nf6 5. Qe2 d5 6. exd5 Nxd5 7. 0-0 Be7 8. Rd1 Bf6 9. Nc3 0-0 10. Ne4 Be7 11. a3 e5 12. d3 Bg4 13. c3 Qd7 14. Ned2 Rae8 15. Nc4 f6 16. Ne3 Nxe3 17. Bxe3 Qf5 18. b4 cxb4 19. axb4 a6 20. Bb6 Qh5 21. Qe4 f5 22. Qd5+ Kh8 23. Re1 Bd8 1/2-1/2

[Event "Hamburg St Pauli op-A"]
[Site "Hamburg"]
[Date "2013.07.10"]
[Round "6"]
[White "Plump, Detlef"]
[Black "Krause, Benedict"]
[Result "0-1"]
[WhiteElo "2230"]
[BlackElo "2128"]
[PlyCount "72"]
[EventDate "2013.07.06"]
[EventType "swiss"]
[EventRounds "9"]
[EventCountry "GER"]
[SourceTitle "CBM 155 Extra"]
[Source "ChessBase"]
[SourceDate "2013.08.26"]
[SourceVersion "1"]
[SourceVersionDate "2013.08.26"]
[SourceQuality "1"]

1. e4 c5 2. Nf3 e6 3. d4 cxd4 4. Nxd4 Nc6 5. Nc3 Qc7 6. g3 a6 7. Bg2 d6 8. 0-0 Bd7 9. a4 Nf6 10. Nb3 Be7 11. a5 Ne5 12. h3 Rc8 13. f4 Nc4 14. g4 h6 15. Qe2 Nh7 16. Qf2 Bf6 17. h4 Nxb2 18. e5 Qxc3 19. exf6 Bb5 20. fxg7 Qxg7 21. Re1 Nc4 22. g5 hxg5 23. hxg5 Bc6 24. Rb1 0-0 25. Nd4 Rfe8 26. Rb4 Bxg2 27. Kxg2 Qg6 28. f5 Qh5 29. Qg3 Ne5 30. Bf4 exf5 31. Rxb7 Ng6 32. Rh1 Nxf4+ 33. Qxf4 Qxg5+ 34. Qxg5+ Nxg5 35. Rh5 Ne6 36. Nxf5 Nf4+ 0-1

[Event "Dresden ZMD op 20th"]
[Site "Dresden"]
[Date "2011.08.13"]
[Round "8"]
[White "Plump, Detlef"]
[Black "Stabolewski, Andreas"]
[Result "1-0"]
[WhiteElo "2246"]
[BlackElo "2270"]
[PlyCount "51"]
[EventDate "2011.08.06"]
[EventType "swiss"]
[EventRounds "9"]
[EventCountry "GER"]
[SourceTitle "CBM 143 Extra"]
[Source "ChessBase"]
[SourceDate "2011.08.29"]
[SourceVersion "1"]
[SourceVersionDate "2011.08.29"]
[SourceQuality "1"]

1. e4 c5 2. Nf3 Nc6 3. d4 cxd4 4. Nxd4 Nf6 5. Nc3 d6 6. Bc4 Bd7 7. 0-0 g6 8. h3 Bg7 9. Be3 0-0 10. Bb3 Nxd4 11. Bxd4 b5 12. Nd5 Be6 13. Qd3 Re8 14. Nxf6+ Bxf6 15. Bxe6 fxe6 16. Bxf6 exf6 17. Rfd1 Rc8 18. c3 Rc4 19. Qxd6 Qxd6 20. Rxd6 Rxe4 21. Rd7 Re2 22. a4 b4 23. cxb4 Rxb2 24. b5 Rc8 25. Rxa7 Rcc2 26. Rd1 1-0

[Event "Berlin Lichtenberger op 9th"]
[Site "Berlin"]
[Date "2010.08.11"]
[Round "6"]
[White "Plump, Detlef"]
[Black "Kapr, Klaus"]
[Result "1-0"]
[WhiteElo "2258"]
[BlackElo "2046"]
[PlyCount "117"]
[EventDate "2010.08.07"]
[EventType "swiss"]
[EventRounds "9"]
[EventCountry "GER"]
[SourceTitle "CBM 137 Extra"]
[Source "ChessBase"]
[SourceDate "2010.09.01"]
[SourceVersion "1"]
[SourceVersionDate "2010.09.01"]
[SourceQuality "1"]

1. e4 d5 2. exd5 Qxd5 3. Nc3 Qa5 4. d4 Nf6 5. Nf3 Bf5 6. Ne5 c6 7. Nc4 Qd8 8. g3 e6 9. Bg2 Be7 10. 0-0 0-0 11. a3 Na6 12. b4 Nc7 13. Bb2 Ncd5 14. Re1 Re8 15. Ne2 Qc7 16. Na5 Rad8 17. c4 Nb6 18. Qb3 Be4 19. f3 Bg6 20. Nf4 Nbd7 21. Nxg6 hxg6 22. f4 a6 23. Kh1 Nb8 24. Qf3 Rd6 25. d5 cxd5 26. Be5 b6 27. Rac1 bxa5 28. c5 Qd7 29. cxd6 Bxd6 30. Bxd6 Qxd6 31. bxa5 Nbd7 32. Qc3 Rb8 33. Rb1 Rxb1 34. Rxb1 Nc5 35. Rb6 Qe7 36. Qb4 Nfd7 37. Rxa6 Qf6 38. Ra8+ Kh7 39. h3 Nd3 40. Qb5 Qa1+ 41. Kh2 Ne1 42. Qe2 Nc5 43. Rc8 Ncd3 44. Qd2 Qd4 45. a6 Qb6 46. Rc3 Qxa6 47. Rxd3 Qxd3 48. Qxe1 Qxa3 49. h4 Qb2 50. Qe5 Qxe5 51. fxe5 g5 52. hxg5 Kg6 53. Bh3 Kxg5 54. Kg2 f5 55. Kf3 Kh6 56. Ke3 Kg5 57. Kd4 g6 58. Kc5 Kh5 59. Kd6 1-0

[Event "Berlin Lichtenberger op 8th"]
[Site "Berlin"]
[Date "2009.08.21"]
[Round "7"]
[White "Costello, Colin"]
[Black "Plump, Detlef"]
[Result "1/2-1/2"]
[WhiteElo "2038"]
[BlackElo "2256"]
[PlyCount "55"]
[EventDate "2009.08.15"]
[EventType "swiss"]
[EventRounds "9"]
[EventCountry "GER"]
[SourceTitle "CBM 131 Extra"]
[Source "ChessBase"]
[SourceDate "2009.09.03"]
[SourceVersion "2"]
[SourceVersionDate "2009.09.16"]
[SourceQuality "1"]

1. c4 c5 2. Nc3 b6 3. Nf3 Bb7 4. e3 Nf6 5. d4 cxd4 6. exd4 e6 7. Bd3 Be7 8. 0-0 0-0 9. b3 d5 10. Bb2 Nc6 11. Rc1 Rc8 12. Qe2 Qd6 13. Rfd1 Rfd8 14. Bb1 Qf4 15. cxd5 exd5 16. g3 Qh6 17. Bf5 Rb8 18. Rc2 g6 19. Bc1 Qf8 20. Bh3 Re8 21. Bf4 Bd6 22. Qd2 Nb4 23. Rcc1 Ne4 24. Nxe4 dxe4 25. Ne5 Bxe5 26. Bxe5 Rbd8 27. Bf6 Rd6 28. Qxb4 1/2-1/2

[Event "Berlin Lichtenberger op 7th"]
[Site "Berlin"]
[Date "2008.08.24"]
[Round "9"]
[White "Gschwendtner, Klaus"]
[Black "Plump, Detlef"]
[Result "1/2-1/2"]
[WhiteElo "2078"]
[BlackElo "2263"]
[PlyCount "99"]
[EventDate "2008.08.16"]
[EventType "swiss"]
[EventRounds "9"]
[EventCountry "GER"]
[SourceTitle "CBM 126 Extra"]
[Source "ChessBase"]
[SourceDate "2008.11.05"]
[SourceVersion "1"]
[SourceVersionDate "2008.11.05"]
[SourceQuality "1"]

1. Nf3 Nf6 2. c4 e6 3. g3 b6 4. Bg2 Bb7 5. 0-0 c5 6. Nc3 a6 7. b3 Be7 8. Bb2 0-0 9. d4 cxd4 10. Qxd4 d6 11. e4 Qc7 12. Rac1 Nbd7 13. h3 Rad8 14. Qe3 Rfe8 15. Nd4 Qb8 16. g4 g6 17. Nde2 Bf8 18. Ng3 d5 19. g5 Nxe4 20. Ncxe4 dxe4 21. Nxe4 Bxe4 22. Bxe4 Bg7 23. Bxg7 Kxg7 24. Rcd1 Nc5 25. Bc6 Rxd1 26. Rxd1 Rd8 27. Rd4 Qc7 28. Bg2 Rxd4 29. Qxd4+ e5 30. Qe3 Ne6 31. h4 Nf4 32. Bd5 Qd6 33. Qe4 f5 34. gxf6+ Kxf6 35. Bb7 a5 36. Kh2 Qd4 37. Kg3 Qc3+ 38. Qe3 Qb4 39. a3 Qd6 40. Qe4 Kg7 41. b4 axb4 42. axb4 Kf6 43. Qc6 Qxc6 44. Bxc6 Nd3 45. b5 Ke7 46. Bd5 Kd6 47. Bg8 h6 48. Bf7 g5 49. hxg5 hxg5 50. f3 1/2-1/2

[Event "Berlin Lichtenberger op 7th"]
[Site "Berlin"]
[Date "2008.08.22"]
[Round "7"]
[White "Plump, Detlef"]
[Black "Newrkla, Katharina"]
[Result "1-0"]
[WhiteElo "2263"]
[BlackElo "2049"]
[PlyCount "91"]
[EventDate "2008.08.16"]
[EventType "swiss"]
[EventRounds "9"]
[EventCountry "GER"]
[SourceTitle "CBM 126 Extra"]
[Source "ChessBase"]
[SourceDate "2008.11.05"]
[SourceVersion "1"]
[SourceVersionDate "2008.11.05"]
[SourceQuality "1"]

1. e4 c5 2. Nf3 d6 3. d4 cxd4 4. Nxd4 Nf6 5. Nc3 a6 6. Be3 Ng4 7. Bg5 h6 8. Bh4 g5 9. Bg3 Bg7 10. Be2 h5 11. h4 Nc6 12. Nb3 gxh4 13. Bxh4 Nce5 14. Qd2 Ng6 15. Bg5 b5 16. f3 N4e5 17. 0-0-0 Bb7 18. Nd4 b4 19. Nd5 Bxd5 20. exd5 Qa5 21. Nf5 Qxa2 22. Nxg7+ Kf8 23. Qd4 Kxg7 24. f4 f6 25. fxe5 dxe5 26. Qe4 fxg5 27. Bxh5 Rxh5 28. Rxh5 Qa1+ 29. Kd2 Qxb2 30. Rxg5 Qd4+ 31. Qxd4 exd4 32. Rg4 Rd8 33. Rxd4 e5 34. Rxb4 Rxd5+ 35. Kc1 Rc5 36. Rb6 Rc7 37. Rxa6 Nf4 38. g3 Ne2+ 39. Kd2 Nd4 40. c3 Nb3+ 41. Kc2 Nc5 42. Rad6 e4 43. R1d5 Kf7 44. c4 Ke7 45. Rh6 Rc8 46. Kc3 1-0

[Event "Berlin Lichtenberger op 7th"]
[Site "Berlin"]
[Date "2008.08.18"]
[Round "3"]
[White "Friedrich, Wiede"]
[Black "Plump, Detlef"]
[Result "0-1"]
[WhiteElo "2044"]
[BlackElo "2263"]
[PlyCount "105"]
[EventDate "2008.08.16"]
[EventType "swiss"]
[EventRounds "9"]
[EventCountry "GER"]
[SourceTitle "CBM 126 Extra"]
[Source "ChessBase"]
[SourceDate "2008.11.05"]
[SourceVersion "1"]
[SourceVersionDate "2008.11.05"]
[SourceQuality "1"]

1. e4 c5 2. Nf3 e6 3. d4 cxd4 4. Nxd4 a6 5. Nc3 Qc7 6. a3 Nf6 7. Be3 d6 8. Be2 Nbd7 9. f4 b5 10. Bf3 Bb7 11. Nb3 Be7 12. 0-0 0-0 13. Kh1 Rac8 14. Qe2 Nb6 15. Na5 Ba8 16. Rac1 Nc4 17. Nxc4 Qxc4 18. Qxc4 Rxc4 19. Be2 Rc7 20. Bf3 Rfc8 21. Rcd1 Rxc3 22. bxc3 Bxe4 23. Bd4 Bxf3 24. Rxf3 Ne4 25. Ra1 Rc4 26. a4 bxa4 27. Rb1 f6 28. Rb7 Bf8 29. Rb6 e5 30. Be3 Nxc3 31. Rxa6 Nd5 32. Kg1 e4 33. Rh3 Nxe3 34. Rxe3 d5 35. Kf1 f5 36. c3 Bc5 37. Re1 Rxc3 38. Rxa4 d4 39. Ra8+ Kf7 40. Rd1 d3 41. Rd8 Rc2 42. Rd5 g6 43. Rb1 Ke6 44. Re5+ Kd6 45. Re8 Rf2+ 46. Ke1 Rxg2 47. Rbb8 d2+ 48. Kd1 Be3 49. Red8+ Kc6 50. Rbc8+ Kb5 51. Rd7 Rg1+ 52. Kc2 Rc1+ 53. Kb2 0-1

[Event "Berlin Lichtenberger op 5th"]
[Site "Berlin"]
[Date "2006.08.27"]
[Round "9"]
[White "Muse, Drazen"]
[Black "Plump, Detlef"]
[Result "1-0"]
[WhiteElo "2407"]
[BlackElo "2253"]
[PlyCount "120"]
[EventDate "2006.08.19"]
[EventType "swiss"]
[EventRounds "9"]
[EventCountry "GER"]
[SourceTitle "CBM 113 Extra"]
[Source "ChessBase"]
[SourceDate "2006.09.14"]
[SourceVersion "1"]
[SourceVersionDate "2006.09.14"]
[SourceQuality "1"]

1. d4 Nf6 2. Nf3 e6 3. c4 b6 4. e3 Bb7 5. Bd3 c5 6. 0-0 Be7 7. Nc3 cxd4 8. exd4 d5 9. cxd5 Nxd5 10. Bb5+ Bc6 11. Bc4 0-0 12. Ne5 Bb7 13. Re1 Nd7 14. Nxd5 exd5 15. Bd3 Nf6 16. Re3 Ne4 17. Rh3 Bc8 18. Nc6 Qe8 19. Nxe7+ Qxe7 20. Rh5 f5 21. Bc2 Be6 22. Bf4 Rac8 23. Bb3 Rc6 24. Rh3 a6 25. f3 Nd6 26. Rg3 Nc4 27. Qe2 Qd7 28. h4 Bf7 29. Bxc4 dxc4 30. Be5 Rg6 31. Rxg6 hxg6 32. Qf2 Bd5 33. Re1 Re8 34. Qg3 Qf7 35. Kf2 b5 36. Qf4 b4 37. Rh1 c3 38. b3 Rc8 39. Qg5 c2 40. Qd2 Qe7 41. Kg3 Qe6 42. Rc1 Qc6 43. Qxb4 Kf7 44. Qa5 Be6 45. Qd2 Bd5 46. Kf2 Be6 47. h5 Bd5 48. h6 gxh6 49. Qxh6 Rg8 50. Qh7+ Ke8 51. Bf4 Kd8 52. Bg5+ Kc8 53. Qe7 Re8 54. Qc5 Qxc5 55. dxc5 Kb7 56. Rxc2 Kc6 57. Bd2 Rb8 58. Rc1 Rb5 59. b4 Rb7 60. a3 Kb5 1-0

[Event "Berlin Lichtenberger op 5th"]
[Site "Berlin"]
[Date "2006.08.22"]
[Round "4"]
[White "Plump, Detlef"]
[Black "Rabiega, Robert"]
[Result "0-1"]
[WhiteElo "2253"]
[BlackElo "2524"]
[PlyCount "44"]
[EventDate "2006.08.19"]
[EventType "swiss"]
[EventRounds "9"]
[EventCountry "GER"]
[SourceTitle "CBM 113 Extra"]
[Source "ChessBase"]
[SourceDate "2006.09.14"]
[SourceVersion "1"]
[SourceVersionDate "2006.09.14"]
[SourceQuality "1"]

1. e4 e5 2. Nf3 Nc6 3. d4 exd4 4. Nxd4 Bc5 5. Nb3 Bb6 6. a4 a6 7. Nc3 d6 8. Qe2 Nge7 9. Be3 Bxe3 10. Qxe3 0-0 11. 0-0-0 Be6 12. Nc5 Qc8 13. Nxe6 Qxe6 14. f4 Nb4 15. b3 Rad8 16. Qd2 d5 17. e5 c5 18. Be2 Nec6 19. Kb2 f6 20. exf6 Qxf6 21. g3 Nd4 22. Bd3 Kh8 0-1

[Event "Berlin Lichtenberger op 5th"]
[Site "Berlin"]
[Date "2006.08.20"]
[Round "2"]
[White "Plump, Detlef"]
[Black "Albinus, Guenter"]
[Result "1-0"]
[WhiteElo "2253"]
[BlackElo "2093"]
[PlyCount "39"]
[EventDate "2006.08.19"]
[EventType "swiss"]
[EventRounds "9"]
[EventCountry "GER"]
[SourceTitle "CBM 113 Extra"]
[Source "ChessBase"]
[SourceDate "2006.09.14"]
[SourceVersion "1"]
[SourceVersionDate "2006.09.14"]
[SourceQuality "1"]

1. e4 e5 2. Nf3 Nc6 3. d4 exd4 4. Nxd4 Nf6 5. Nxc6 bxc6 6. e5 Nd5 7. Bd3 Nb4 8. Be4 d5 9. exd6 cxd6 10. a3 d5 11. Bf3 Na6 12. c4 Nc7 13. Nc3 Be6 14. Qa4 Qd7 15. 0-0 Be7 16. Rd1 Bf6 17. cxd5 Nxd5 18. Nxd5 Bxd5 19. Be3 0-0 20. Rxd5 1-0

[Event "Berlin Lichtenberger op 5th"]
[Site "Berlin"]
[Date "2006.08.19"]
[Round "1"]
[White "Groeling, Juergen"]
[Black "Plump, Detlef"]
[Result "0-1"]
[WhiteElo "1919"]
[BlackElo "2253"]
[PlyCount "54"]
[EventDate "2006.08.19"]
[EventType "swiss"]
[EventRounds "9"]
[EventCountry "GER"]
[SourceTitle "CBM 113 Extra"]
[Source "ChessBase"]
[SourceDate "2006.09.14"]
[SourceVersion "1"]
[SourceVersionDate "2006.09.14"]
[SourceQuality "1"]

1. c4 Nf6 2. d4 e6 3. Nf3 b6 4. a3 Ba6 5. Qc2 Bb7 6. Nbd2 c5 7. e4 cxd4 8. Nxd4 d6 9. b3 Nbd7 10. Be2 Rc8 11. f4 a6 12. Bf3 Qc7 13. Bb2 Be7 14. Rc1 0-0 15. 0-0 Rfe8 16. Kh1 Qb8 17. e5 dxe5 18. Bxb7 Qxb7 19. fxe5 Nxe5 20. Nf5 exf5 21. Bxe5 Ng4 22. Rce1 Bh4 23. Qxf5 Bxe1 24. Qxg4 Rxe5 25. Nf3 Re4 26. Qh3 Rce8 27. Ng5 Rh4 0-1

[Event "BL2-Nord 0102"]
[Site "Germany"]
[Date "2001.11.11"]
[Round "2.3"]
[White "Blauert, Joerg"]
[Black "Plump, Detlef"]
[Result "1-0"]
[WhiteElo "2387"]
[BlackElo "2258"]
[PlyCount "99"]
[EventDate "2001.10.07"]
[EventType "team-tourn"]
[EventRounds "9"]
[EventCountry "GER"]
[SourceTitle "CBM 088 Extra"]
[Source "ChessBase"]
[SourceDate "2002.07.01"]
[SourceVersion "2"]
[SourceVersionDate "2002.07.01"]
[SourceQuality "1"]
[WhiteTeam "Luebeck II"]
[BlackTeam "Delmenhorst"]
[WhiteTeamCountry "GER"]
[BlackTeamCountry "GER"]

1. e4 c5 2. c3 d5 3. exd5 Qxd5 4. d4 Nf6 5. Nf3 e6 6. Be2 Nc6 7. 0-0 cxd4 8. cxd4 Be7 9. Nc3 Qd6 10. Nb5 Qd8 11. Bf4 Nd5 12. Bg3 a6 13. Nc3 0-0 14. Rc1 Nxc3 15. bxc3 Bf6 16. Bd3 b5 17. a4 bxa4 18. Qxa4 Bd7 19. Qa3 a5 20. Rfd1 a4 21. Be4 Ra6 22. c4 Be7 23. c5 Qa5 24. Bd3 Ra7 25. Rb1 Rc8 26. Bc4 Bf6 27. Rb6 Ne7 28. Bf4 Raa8 29. Be5 Bxe5 30. Nxe5 Be8 31. Qa2 Rd8 32. Rd6 Qc7 33. Rxd8 Rxd8 34. h3 Nd5 35. Qa3 Rb8 36. Bxd5 exd5 37. Qa2 Bc6 38. Re1 h6 39. Nxc6 Qxc6 40. Rb1 Re8 41. Rb6 Re1+ 42. Kh2 Qd7 43. Qc2 g6 44. Rd6 Qe7 45. Rxd5 Re2 46. Qc1 Rxf2 47. Re5 Qf6 48. Qxh6 Qf4+ 49. Qxf4 Rxf4 50. c6 1-0

[Event "BL2-Nord 0001"]
[Site "Germany"]
[Date "2001.04.29"]
[Round "9.3"]
[White "Lieb, Harald"]
[Black "Plump, Detlef"]
[Result "0-1"]
[WhiteElo "2256"]
[BlackElo "2253"]
[PlyCount "52"]
[EventDate "2000.10.15"]
[EventType "team-tourn"]
[EventRounds "9"]
[EventCountry "GER"]
[SourceTitle "CBM 082 Extra"]
[Source "ChessBase"]
[SourceDate "2001.07.03"]
[SourceVersion "1"]
[SourceVersionDate "2001.07.03"]
[SourceQuality "1"]
[WhiteTeam "Zehlendorf"]
[BlackTeam "Delmenhorst"]
[WhiteTeamCountry "GER"]
[BlackTeamCountry "GER"]

1. d4 Nf6 2. Nf3 e6 3. c4 b6 4. g3 Ba6 5. b3 Bb4+ 6. Bd2 Be7 7. Bg2 c6 8. 0-0 d5 9. Qc2 0-0 10. Bf4 Nbd7 11. Nbd2 Rc8 12. Qb2 dxc4 13. Nxc4 Nd5 14. Bd6 c5 15. Rac1 cxd4 16. Qxd4 Nc5 17. Bxe7 Qxe7 18. Rfd1 Rfd8 19. Qb2 Nd7 20. Nfe5 Nxe5 21. Nxe5 Rxc1 22. Rxc1 Bb7 23. Qc2 h6 24. Bxd5 Rxd5 25. f4 Qd6 26. Qc7 Rd1+ 0-1

[Event "BL2-Nord 0001"]
[Site "Germany"]
[Date "2001.01.07"]
[Round "4.3"]
[White "Wippermann, Till"]
[Black "Plump, Detlef"]
[Result "1-0"]
[WhiteElo "2306"]
[BlackElo "2253"]
[PlyCount "57"]
[EventDate "2000.10.15"]
[EventType "team-tourn"]
[EventRounds "9"]
[EventCountry "GER"]
[SourceTitle "CBM 082 Extra"]
[Source "ChessBase"]
[SourceDate "2001.07.03"]
[SourceVersion "1"]
[SourceVersionDate "2001.07.03"]
[SourceQuality "1"]
[WhiteTeam "Isernhagen"]
[BlackTeam "Delmenhorst"]
[WhiteTeamCountry "GER"]
[BlackTeamCountry "GER"]

1. e4 c5 2. Nc3 e6 3. f4 a6 4. g3 Nc6 5. Bg2 g6 6. Nf3 Bg7 7. 0-0 Nge7 8. d3 d5 9. Qe1 0-0 10. e5 b5 11. a3 Bb7 12. Qf2 Rc8 13. Bd2 Qb6 14. Rac1 a5 15. a4 Na7 16. axb5 Nxb5 17. Na4 Qa7 18. c3 Rfd8 19. g4 Ba8 20. h4 Rd7 21. Bh3 d4 22. c4 Bxf3 23. Qxf3 Nc7 24. Bg2 Ne8 25. Qg3 Nc6 26. Rce1 Re7 27. h5 h6 28. g5 hxg5 29. Qxg5 1-0

[Event "BL2-Nord 0001"]
[Site "Germany"]
[Date "2000.11.12"]
[Round "2.2"]
[White "Plump, Detlef"]
[Black "Hoi, Carsten"]
[Result "1/2-1/2"]
[WhiteElo "2253"]
[BlackElo "2408"]
[PlyCount "68"]
[EventDate "2000.10.15"]
[EventType "team-tourn"]
[EventRounds "9"]
[EventCountry "GER"]
[SourceTitle "CBM 082 Extra"]
[Source "ChessBase"]
[SourceDate "2001.07.03"]
[SourceVersion "1"]
[SourceVersionDate "2001.07.03"]
[SourceQuality "1"]
[WhiteTeam "Delmenhorst"]
[BlackTeam "Neukloster"]
[WhiteTeamCountry "GER"]
[BlackTeamCountry "GER"]

1. e4 Nc6 2. d4 e5 3. Nf3 exd4 4. Nxd4 g6 5. Nc3 Bg7 6. Be3 d6 7. Qd2 Nf6 8. 0-0-0 Nxd4 9. Bxd4 0-0 10. f3 Be6 11. Kb1 c6 12. g4 b5 13. g5 Nh5 14. Bxg7 Nxg7 15. Ne2 d5 16. Ng3 f5 17. exf5 Nxf5 18. Nxf5 Bxf5 19. h4 Qc7 20. h5 gxh5 21. Rxh5 Bg6 22. Rh3 Qf4 23. Bd3 Qxd2 24. Rxd2 Rae8 25. a3 Re3 26. Bxg6 hxg6 27. Rdh2 Rfxf3 28. Rh8+ Kf7 29. R2h7+ Ke6 30. Rxa7 Kd6 31. Rg8 Re6 32. Rag7 Rf1+ 33. Ka2 Rf2 34. Rxg6 Rxc2 1/2-1/2

[Event "Bundesliga 9899"]
[Site "Germany"]
[Date "1999.04.17"]
[Round "14.8"]
[White "Schuh, Hubert"]
[Black "Plump, Detlef"]
[Result "1/2-1/2"]
[WhiteElo "2305"]
[BlackElo "2231"]
[PlyCount "61"]
[EventDate "1998.10.17"]
[EventType "team-tourn"]
[EventRounds "15"]
[EventCountry "GER"]
[SourceTitle "GER-chT"]
[Source "ChessBase"]
[SourceDate "1999.07.01"]
[SourceVersion "1"]
[SourceVersionDate "1999.07.01"]
[SourceQuality "1"]
[WhiteTeam "Zaehringen"]
[BlackTeam "Delmenhorst"]
[WhiteTeamCountry "GER"]
[BlackTeamCountry "GER"]

1. d4 Nf6 2. Nf3 e6 3. g3 b6 4. Bg2 Bb7 5. 0-0 c5 6. c4 cxd4 7. Qxd4 d6 8. Nc3 a6 9. Rd1 Nbd7 10. Ng5 Bxg2 11. Kxg2 Rc8 12. Nge4 Rc6 13. b3 Be7 14. Bg5 0-0 15. Nxf6+ Bxf6 16. Bxf6 Nxf6 17. Rd3 Qe7 18. f3 Rfc8 19. Rad1 Qc7 20. Ne4 Nxe4 21. Qxe4 h6 22. Qf4 Rd8 23. R1d2 b5 24. cxb5 axb5 25. Qb4 Rc5 26. e4 Qc6 27. a4 bxa4 28. bxa4 Rc4 29. Qb5 Qxb5 30. axb5 Rb4 31. h4 1/2-1/2